Регионална библиотека "Любен Каравелов" - Русе

Анатол (Запис номер 420606)

MARC детайли
000 -Лидер
Контролно поле с фиксирана дължина nam a22 a 4500
003 - Код на организацията, давaща контролен номер
Контролно поле BLK
005 - Дата и час на последна редакция
Контролно поле 20210620214033.0
008 - Елементи от данни с фиксирана дължина
fixed length control field 210620b bu |||||r|||| 00| 0 bu d
040 ## - Източник на каталожния запис
Идентификатор на билиотеката - собственик на записа BLK
041 ## - Код за език
Код за езика на текст/звукозапис или на отделно заглавие Български
Код за езика КДБФ Български
080 ## - УДК
Текстов определител УДК Австрийска литература
УДК код - определител по УДК 821.112(436)
УДК определител -2
УДК - код + определител 821.112(436)-2
100 ## - Редна дума - Автор
R(LIN) 1299
Автор Шницлер, Артур
Авторска отговорност първи автор
139 ## - Редно поле
Редна дума Шницлер, Артур
Авторски знак Шни - Ш 80
245 ## - Сведения за заглавието
Заглавие Анатол
Подзаглавни данни Диалози
Редно поле (дума) Артур Шницлер ; прев. от нем. М. Теофилов
260 ## - Област на издателските данни
9 (RLIN) 217038
Място на издаване, разпространение и проч. София
Име на издателя, разпространителя и проч. Александър Паскалев и сие
Година на издаване [1914]
Печатница (София : [Напред])
300 ## - Физическа характеристика
Страници 140 с.
Размери/Мащаб 14 см
380 ## - Жанр
Жанр Худож. лит.
490 ## - СЕРИИ (Колекции)
9 (RLIN) 204422
Име на серия Всемирна библиотека
№: серия N 155-157
700 ## - Други автори (авторска отговорност)
9 (RLIN) 1091
Лично име Теофилов, Михаил
Автороска отговорност (Описва отношението между автора и произведението) прев. от нем.
852 ## - Местоположение
Форматна сигнатура Цб 8.140.5693
Фондова буква Основен фонд - ползва се само за читалня
999 ## - СИСТЕМНИ КОНТРОЛНИ НОМЕРА
Koha biblionumber 420606
Koha biblioitemnumber 420606
942 ## - АРТИКУЛИ
Вид на библиотечния материал Книги
Скрит в OPAC Не
Периодичен библиозапис Да
944 ## - СЪЗДАВАНЕ И РЕДАКЦИЯ на ЗАПИСА
Създаване/Редакция Създаване
Дата на регистрацията/редакция 2021-06-20
Служител, извършил регистрацията/редакцията ВП
Наличности
Код за отписване Код за изгубен артикул Източник на класификационната схема Код за повреда Коз за рестрикции Код за отдаване Артикулен № Име на библиотеката - собственик Име на библиотеката, в която се намира в момента Статус (Текущо местоположение) Дата на вписване в системата Местоположение - отдел Цена в лева Инвентарен номер Систематично азбучна сигнатура Баркод Цена в евро Служебен тип на артикула
  Не е изгубен Universal Decimal Classification Не е повреден само за читалня ползва се в читалня 839473 Регионална библиотека "Любен Каравелов" Русе Регионална библиотека "Любен Каравелов" Русе Хранилище 2021-06-28 Основен фонд - ползва се само за читалня 0.11 5693 Цб 8.140.5693 900000065467 0.06 Книги
Vip Innovations Ltd, Rousse, Bulgaria 2025